000 00646nam a2200253 a 4500
003 AR-BaBNM
005 20251128202859.0
008 082120s2002 ||||||||||||||000 | spa||
040 _cAR-BaBNM
100 1 _aElizalde, Fernando de
245 0 0 _aDIlapidadores de un pasado
260 _aBuenos Aires
_bLosada
_c1967
300 _a151 p.
490 0 _aNovelistas de nuestra época
650 4 _aLITERATURA ARGENTINA
650 4 _aESCRITORES
650 4 _aLITERATURA CONTEMPORANEA
650 4 _aIDENTIDAD NACIONAL
653 _aNOVELA HISTORICA
653 _aCRITICA SOCIAL
655 _aLITERATURA
942 _cBK
998 _cMARTIN
999 _c1017
_d1017